000 00541nam a22001937a 4500
003 OSt
005 20140310182156.0
008 130831t xxu||||| |||| 00| 0 eng d
020 _a97888700988464
050 _aDP 402
_b.Ar784 2001
082 _aHS 621.8
_b A9 1993
245 _aArt and history Barcelona /
260 _aItalia :
_bCasa Editrice Bonechi,
_cc2001.
300 _a141 cm.
_bill. col. ;
_c28 cm.
650 _aArt
_xBarcelona
_xHistory
_915974
650 _aArt
_xSpain
_xHistory
_915975
942 _2lcc
_cHS
999 _c10096
_d10096